000 00407nam a2200145Ia 4500
008 231129s1986||||xx |||||||||||||| ||spa||
020 _a958-16-0029-9
040 _bspa
082 _a862 F363s
100 _aFernández de Moratí­n Leandro
245 0 _aEl si de las niñas
260 _c1986
264 _aBarcelona España: La Montana Magica
942 _2ddc
_cBKS
999 _c12425
_d12425